Principles of Design Quiz Stats

 Plays Quiz not verified by Sporcle

Score 0/7 Timer 10:00
0 Plays Today
Hint Answer % Correct
harmony of all the visual elements in a compositionunity
98.5%
shows differences between elements of artcontrast
96.9%
equilibrium of various elements in the work of artbalance
95.4%
given to a center of interestemphasis
93.8%
proportion
88.5%
scale
84.6%
use of line, color, or motif in more than one place in a compositionrepetition
81.5%

You're not logged in!

Compare scores with friends on all Sporcle quizzes.
OR
Log In

Sporcle TV

Today on Sporcle TV


Watch our educational content, quiz creation guides, and fun videos on Sporcle TV.

Show Comments

Extras

Created Dec 9, 2014ReportNominate
Tags:design

Top Quizzes Today


Score Distribution

Your Account Isn't Verified!

In order to create a playlist on Sporcle, you need to verify the email address you used during registration. Go to your Sporcle Settings to finish the process.

Report this User

Report this user for behavior that violates our Community Guidelines.

Details: